| 000 | 00579nam a2200217Ia 4500 | ||
|---|---|---|---|
| 005 | 20241129104149.0 | ||
| 008 | 241129s9999||||xx |||||||||||||| ||und|| | ||
| 020 | _a9781639870110 | ||
| 037 | _aTextual | ||
| 040 |
_aRTL _beng _cRTL |
||
| 041 |
_aeng _2eng |
||
| 084 |
_aX:72 R2 _qRTL |
||
| 100 |
_aTaylor Charlie _9725061 |
||
| 245 | 0 |
_aAdvanced macroeconomics _cTaylor Charlie |
|
| 260 |
_aNew York _bMurphy and Moore _c2022 |
||
| 300 | _avi,241p. | ||
| 365 |
_aINR _b13161.97 |
||
| 650 | _aEconomics | ||
| 942 |
_cTB _hX:72 R2 |
||
| 999 |
_c1224696 _d1224696 |
||